[Event "Tradewise Gibraltar AmatWk2"]
[Site "Gibraltar"]
[Date "2017.01.28"]
[Round "1.11"]
[White "Shehzad, Alisha"]
[Black "James, Kevin"]
[Result "0-1"]
[WhiteElo "1556"]
[BlackElo "1825"]
[PlyCount "90"]
[EventDate "2017.01.28"]
[EventType "swiss"]
[EventRounds "5"]
[EventCountry "GGB"]
[SourceTitle "BritBase"]
[Source "www.saund.co.uk"]
[SourceDate "2018.02.10"]
[SourceVersion "1"]
[SourceVersionDate "2018.02.10"]
[SourceQuality "1"]

1. e4 c6 2. d4 d5 3. exd5 cxd5 4. Nc3 Nf6 5. Nf3 Nc6 6. Bb5 Bd7 7. O-O e6 8. h3
Be7 9. Bf4 O-O 10. Re1 Rc8 11. a3 a6 12. Bd3 Na5 13. Rb1 Nc4 14. Ne2 Ne4 15.
Ne5 Nxe5 16. Bxe5 Qb6 17. Ng3 f5 18. c3 Bh4 19. Qc2 Qd8 20. Bf4 Rf6 21. Nh1 Rg6
22. g3 Bf6 23. Kh2 Bxd4 24. Bxe4 fxe4 25. Qb3 Bb6 26. Be3 Rc6 27. Bxb6 Rxb6 28.
Qd1 Qf6 29. Re3 Rh6 30. Qd4 Rxh3+ 31. Kg2 Qxd4 32. cxd4 e5 33. dxe5 Rbh6 34. g4
Rh2+ 35. Kg3 Rxh1 36. Rxh1 Rxh1 37. Rc3 Bc6 38. g5 Kf7 39. f3 d4 40. Rc4 e3 41.
Rxd4 e2 42. Rf4+ Ke7 43. e6 e1=Q+ 44. Kg4 Rh4+ 45. Kf5 g6# 0-1

[Event "Tradewise Gibraltar AmatWk2"]
[Site "Gibraltar"]
[Date "2017.01.28"]
[Round "1.12"]
[White "Winter, Kevin"]
[Black "Walker, Gordon J"]
[Result "1-0"]
[WhiteElo "1818"]
[BlackElo "1547"]
[PlyCount "67"]
[EventDate "2017.01.28"]
[EventType "swiss"]
[EventRounds "5"]
[EventCountry "GGB"]
[SourceTitle "BritBase"]
[Source "www.saund.co.uk"]
[SourceDate "2018.02.10"]
[SourceVersion "1"]
[SourceVersionDate "2018.02.10"]
[SourceQuality "1"]

1. e4 b6 2. d4 Bb7 3. Nc3 e6 4. Bd3 d5 5. exd5 exd5 6. Nf3 Be7 7. O-O Nf6 8.
Bf4 Nc6 9. Nb5 Bd6 10. Nxd6+ cxd6 11. Re1+ Ne7 12. Bb5+ Kf8 13. c3 Ng6 14. Bg5
h6 15. Re8+ Qxe8 16. Bxe8 Rxe8 17. Bxf6 gxf6 18. Qa4 Ra8 19. Qd7 Rb8 20. Qxd6+
Kg7 21. a4 Rhd8 22. Qg3 Bc6 23. h4 h5 24. Qc7 Bb7 25. a5 Rdc8 26. Qd6 Rd8 27.
Qb4 bxa5 28. Rxa5 Bc6 29. Qa3 Rd7 30. Rc5 Bb5 31. Kh2 Nf4 32. c4 Bxc4 33. Nd2
Bb5 34. Qg3+ 1-0

[Event "Tradewise Gibraltar AmatWk2"]
[Site "Gibraltar"]
[Date "2017.01.28"]
[Round "1.13"]
[White "Jimenez Urquijo, Juan Manuel"]
[Black "Dennis, Nigel W"]
[Result "0-1"]
[WhiteElo "1541"]
[BlackElo "1818"]
[PlyCount "84"]
[EventDate "2017.01.28"]
[EventType "swiss"]
[EventRounds "5"]
[EventCountry "GGB"]
[SourceTitle "BritBase"]
[Source "www.saund.co.uk"]
[SourceDate "2018.02.10"]
[SourceVersion "1"]
[SourceVersionDate "2018.02.10"]
[SourceQuality "1"]

1. e4 c5 2. f4 Nc6 3. Nf3 d6 4. Bb5 Bd7 5. Bxc6 Bxc6 6. d3 e6 7. O-O Ne7 8. Bd2
d5 9. exd5 Nxd5 10. Nc3 Be7 11. Ne5 Bf6 12. Nxc6 bxc6 13. Kh1 O-O 14. Ne4 Bxb2
15. Rb1 Rb8 16. Nxc5 Qd6 17. Nb3 Qa3 18. Bc1 Bxc1 19. Qxc1 Qxc1 20. Rbxc1 Rb6
21. c4 Nb4 22. Nc5 Rd8 23. a3 Nxd3 24. Nxd3 Rxd3 25. Rfd1 Rxd1+ 26. Rxd1 Kf8
27. Kg1 Ke7 28. Rd3 Rb2 29. h3 a5 30. Kf1 a4 31. c5 Rb3 32. Ke2 Rxd3 33. Kxd3
Kf6 34. Ke4 h6 35. Kd4 Kf5 36. g3 g5 37. Kc4 gxf4 38. gxf4 Kxf4 39. Kb4 e5 40.
Kxa4 e4 41. Kb3 e3 42. Kc2 Kf3 0-1

[Event "Tradewise Gibraltar AmatWk2"]
[Site "Gibraltar"]
[Date "2017.01.28"]
[Round "1.14"]
[White "Sevillano Garcia, Joaquin"]
[Black "Lapusan, Razvan"]
[Result "1-0"]
[WhiteElo "1816"]
[BlackElo "1525"]
[PlyCount "65"]
[EventDate "2017.01.28"]
[EventType "swiss"]
[EventRounds "5"]
[EventCountry "GGB"]
[SourceTitle "BritBase"]
[Source "www.saund.co.uk"]
[SourceDate "2018.02.10"]
[SourceVersion "1"]
[SourceVersionDate "2018.02.10"]
[SourceQuality "1"]

1. Nf3 Nf6 2. g3 g6 3. Bg2 Bg7 4. c4 c5 5. O-O Nc6 6. Nc3 d6 7. d4 O-O 8. h3
Re8 9. Bg5 Bf5 10. Be3 Ne4 11. Nh4 Nxc3 12. bxc3 cxd4 13. cxd4 Bd7 14. Rc1 a5
15. Qd2 Rb8 16. Rfd1 Nb4 17. a3 Na6 18. Bh6 Bf6 19. Bg5 Bg7 20. e4 Ba4 21. Re1
b5 22. cxb5 Rxb5 23. Nf3 Rb3 24. Rc3 Nc5 25. e5 Rxc3 26. Qxc3 Ne6 27. Bd2 dxe5
28. dxe5 Qd7 29. Qxa5 Bc6 30. Qc3 Qb7 31. Nh4 Bxg2 32. Nxg2 Ng5 33. Bxg5 1-0

[Event "Tradewise Gibraltar AmatWk2"]
[Site "Gibraltar"]
[Date "2017.01.28"]
[Round "1.15"]
[White "Alonso Prieto, Victor"]
[Black "Densing, Gerd"]
[Result "0-1"]
[WhiteElo "1507"]
[BlackElo "1807"]
[PlyCount "88"]
[EventDate "2017.01.28"]
[EventType "swiss"]
[EventRounds "5"]
[EventCountry "GGB"]
[SourceTitle "BritBase"]
[Source "www.saund.co.uk"]
[SourceDate "2018.02.10"]
[SourceVersion "1"]
[SourceVersionDate "2018.02.10"]
[SourceQuality "1"]

1. c4 b6 2. Nc3 Bb7 3. Nf3 e6 4. e3 f5 5. b3 Nf6 6. Bb2 Bd6 7. Be2 O-O 8. Qc2
Nc6 9. a3 a6 10. b4 Ne7 11. d3 Ng6 12. h3 Rb8 13. Rg1 c5 14. b5 a5 15. O-O-O
Qc7 16. Nd2 Rbc8 17. f4 Rf7 18. Bf3 Be7 19. Bxb7 Qxb7 20. g4 Nh4 21. Rg3 d5 22.
Rf1 Rd8 23. Nf3 Nxf3 24. Rfxf3 d4 25. exd4 cxd4 26. Ne2 Bc5 27. Ng1 Qe7 28. a4
Re8 29. g5 Nh5 30. g6 hxg6 31. Rxg6 Qh4 32. Qd2 Bb4 33. Qe2 Nxf4 34. Rxf4 Qxf4+
35. Kb1 e5 36. Bc1 Qh4 37. Nf3 Qh7 38. Qg2 Qh5 39. Bh6 Bf8 40. Rxb6 e4 41. Ng5
exd3 42. Nxf7 Qd1+ 43. Bc1 Qb3+ 44. Bb2 Re1# 0-1

[Event "Tradewise Gibraltar AmatWk2"]
[Site "Gibraltar"]
[Date "2017.01.28"]
[Round "1.16"]
[White "Wilson, Matthew R"]
[Black "Tveten, Per"]
[Result "1-0"]
[WhiteElo "1791"]
[BlackElo "1486"]
[PlyCount "95"]
[EventDate "2017.01.28"]
[EventType "swiss"]
[EventRounds "5"]
[EventCountry "GGB"]
[SourceTitle "BritBase"]
[Source "www.saund.co.uk"]
[SourceDate "2018.02.10"]
[SourceVersion "1"]
[SourceVersionDate "2018.02.10"]
[SourceQuality "1"]

1. e4 e5 2. Nf3 Nc6 3. Bc4 Bc5 4. c3 Nf6 5. d3 h6 6. Nbd2 a6 7. h3 d6 8. Bb3
O-O 9. Nf1 Be6 10. Bc2 d5 11. Qe2 d4 12. g4 Nh7 13. Rg1 dxc3 14. bxc3 f6 15.
Ng3 Ng5 16. Nxg5 fxg5 17. Nf5 Qf6 18. Be3 Bxe3 19. Qxe3 Ne7 20. Nxe7+ Qxe7 21.
Bb3 Rf6 22. Rb1 b6 23. Ke2 Raf8 24. f3 Bxb3 25. axb3 Rxf3 26. Qxf3 Rxf3 27.
Kxf3 c5 28. Ke3 Qd6 29. Rgf1 b5 30. Rf5 b4 31. c4 g6 32. Rf3 Kg7 33. Ke2 h5 34.
Rbf1 Qe6 35. gxh5 gxh5 36. Rf5 Kg6 37. Rg1 Qe7 38. h4 g4 39. Rg5+ Kh6 40. Rf1
g3 41. Rff5 g2 42. Rxh5+ Kg6 43. Rfg5+ Kf6 44. Rh6+ Kf7 45. Rh7+ Kf8 46. Rxe7
Kxe7 47. Rxg2 Kf6 48. Rg5 1-0

[Event "Tradewise Gibraltar AmatWk2"]
[Site "Gibraltar"]
[Date "2017.01.28"]
[Round "1.17"]
[White "Manchado Garrido, Marcos Anton"]
[Black "Lopez Valcarcel, Juan"]
[Result "0-1"]
[WhiteElo "1429"]
[BlackElo "1785"]
[PlyCount "62"]
[EventDate "2017.01.28"]
[EventType "swiss"]
[EventRounds "5"]
[EventCountry "GGB"]
[SourceTitle "BritBase"]
[Source "www.saund.co.uk"]
[SourceDate "2018.02.10"]
[SourceVersion "1"]
[SourceVersionDate "2018.02.10"]
[SourceQuality "1"]

1. d4 d5 2. c4 c6 3. Nc3 dxc4 4. e4 b5 5. a4 b4 6. Nb1 Ba6 7. b3 c3 8. Bxa6
Nxa6 9. Nf3 Nf6 10. e5 Nd5 11. O-O e6 12. Qd3 Ndc7 13. Bg5 Be7 14. Bxe7 Qxe7
15. Qc4 Qd7 16. Ng5 h6 17. Ne4 O-O 18. Ra2 Qd5 19. Qxd5 cxd5 20. Nd6 Ne8 21.
Nxe8 Rfxe8 22. Rc2 Rec8 23. f4 Rc7 24. g3 Rac8 25. Rfc1 Nb8 26. Ra2 Nc6 27.
Rac2 Nxd4 28. Rg2 Nxb3 29. Rcc2 d4 30. Kf1 d3 31. Rcf2 c2 0-1

[Event "Tradewise Gibraltar AmatWk2"]
[Site "Gibraltar"]
[Date "2017.01.28"]
[Round "1.18"]
[White "Shehzad, Shazil"]
[Black "Olde, Karl Erik"]
[Result "1-0"]
[WhiteElo "1783"]
[BlackElo "1352"]
[PlyCount "51"]
[EventDate "2017.01.28"]
[EventType "swiss"]
[EventRounds "5"]
[EventCountry "GGB"]
[SourceTitle "BritBase"]
[Source "www.saund.co.uk"]
[SourceDate "2018.02.10"]
[SourceVersion "1"]
[SourceVersionDate "2018.02.10"]
[SourceQuality "1"]

1. e4 c5 2. Nc3 g6 3. g3 Bg7 4. Bg2 Nc6 5. d3 d6 6. f4 f5 7. Nf3 e5 8. O-O Nge7
9. fxe5 Nxe5 10. Nxe5 Bxe5 11. exf5 Nxf5 12. Bd5 h5 13. Ne4 Kd7 14. Ng5 Qb6 15.
c3 Kc7 16. a4 a5 17. Bd2 h4 18. g4 Nh6 19. Nf7 Bxg4 20. Qe1 Rhe8 21. Qxh4 Nf5
22. Qxg4 Bf6 23. Bc4 Qc6 24. Bb5 Qd5 25. Bxe8 Rxe8 26. Rae1 1-0

[Event "Tradewise Gibraltar AmatWk2"]
[Site "Gibraltar"]
[Date "2017.01.28"]
[Round "1.19"]
[White "McLeod, Paul"]
[Black "Ford, Clifton P"]
[Result "0-1"]
[WhiteElo "1344"]
[BlackElo "1781"]
[PlyCount "86"]
[EventDate "2017.01.28"]
[EventType "swiss"]
[EventRounds "5"]
[EventCountry "GGB"]
[SourceTitle "BritBase"]
[Source "www.saund.co.uk"]
[SourceDate "2018.02.10"]
[SourceVersion "1"]
[SourceVersionDate "2018.02.10"]
[SourceQuality "1"]

1. c4 e5 2. Nc3 Nc6 3. e4 g6 4. a3 Bg7 5. Nf3 d6 6. h3 Nge7 7. Be2 O-O 8. O-O
h6 9. d3 f5 10. Qc2 Nd4 11. Nxd4 exd4 12. Nd5 c6 13. Nxe7+ Qxe7 14. Bf4 fxe4
15. Bg3 exd3 16. Bxd3 Bf5 17. Rae1 Qd7 18. Re2 Rae8 19. Rfe1 Rxe2 20. Rxe2 Kh7
21. f3 Bxd3 22. Qxd3 Rf5 23. Re4 d5 24. cxd5 Qxd5 25. Bf2 c5 26. b3 a6 27. g4
Re5 28. Rf4 b5 29. Kg2 Re6 30. Rf7 Kg8 31. Rc7 Be5 32. Rc8+ Kg7 33. h4 Bd6 34.
Rd8 Qe5 35. Kf1 Qh2 36. Bxd4+ Kf7 37. Be3 Qh1+ 38. Ke2 Qg2+ 39. Kd1 Qxf3+ 40.
Kc2 Rxe3 41. Rd7+ Ke8 42. Qxg6+ Kxd7 43. Qg7+ Kc6 0-1

[Event "Tradewise Gibraltar AmatWk2"]
[Site "Gibraltar"]
[Date "2017.01.28"]
[Round "1.20"]
[White "Lopez Diaz, Rafael"]
[Black "Gough, Theo"]
[Result "1-0"]
[WhiteElo "1779"]
[BlackElo "1330"]
[PlyCount "73"]
[EventDate "2017.01.28"]
[EventType "swiss"]
[EventRounds "5"]
[EventCountry "GGB"]
[SourceTitle "BritBase"]
[Source "www.saund.co.uk"]
[SourceDate "2018.02.10"]
[SourceVersion "1"]
[SourceVersionDate "2018.02.10"]
[SourceQuality "1"]

1. b3 d5 2. Bb2 Bf5 3. e3 Nf6 4. h3 Nbd7 5. Nf3 e6 6. d4 c5 7. Bd3 Bxd3 8. cxd3
cxd4 9. Nxd4 Bb4+ 10. Nd2 Qa5 11. a3 Bxd2+ 12. Qxd2 Qxd2+ 13. Kxd2 a6 14. g4
Nc5 15. Rac1 b6 16. Rc2 Kd7 17. b4 Na4 18. Ba1 Rhc8 19. Rhc1 Ne8 20. Ne2 Rxc2+
21. Rxc2 Rc8 22. Nc3 Nxc3 23. Bxc3 g6 24. a4 Nd6 25. h4 f5 26. f3 Rf8 27. g5
Rc8 28. Rc1 b5 29. a5 Nf7 30. f4 Re8 31. h5 e5 32. hxg6 hxg6 33. Rh1 exf4 34.
exf4 Rg8 35. Rh7 Ke6 36. Bf6 Nd6 37. Re7# 1-0

[Event "Tradewise Gibraltar AmatWk2"]
[Site "Gibraltar"]
[Date "2017.01.28"]
[Round "1.23"]
[White "Mahtani, Johan"]
[Black "White, Gary"]
[Result "0-1"]
[WhiteElo "1166"]
[BlackElo "1716"]
[PlyCount "110"]
[EventDate "2017.01.28"]
[EventType "swiss"]
[EventRounds "5"]
[EventCountry "GGB"]
[SourceTitle "BritBase"]
[Source "www.saund.co.uk"]
[SourceDate "2018.02.10"]
[SourceVersion "1"]
[SourceVersionDate "2018.02.10"]
[SourceQuality "1"]

1. d4 f5 2. Nc3 Nf6 3. Bf4 e6 4. Nb5 d6 5. e3 Be7 6. Nf3 O-O 7. Qd2 a6 8. Nc3
Nc6 9. d5 e5 10. dxc6 exf4 11. cxb7 Bxb7 12. exf4 Bxf3 13. gxf3 c6 14. Qd3 Qd7
15. O-O-O Nh5 16. Ne2 Rfb8 17. Bh3 g6 18. Rhe1 Bf6 19. b3 d5 20. c4 Qd6 21. Kc2
Qa3 22. Rb1 Qxa2+ 23. Kd1 Rd8 24. c5 Re8 25. Qc2 Qxc2+ 26. Kxc2 Ra7 27. Kd2
Rae7 28. Bf1 Nxf4 29. Rbc1 Nxe2 30. Rxe2 Rxe2+ 31. Bxe2 Bg5+ 32. Kd1 Bxc1 33.
Bxa6 Ba3 34. Bb7 Bxc5 35. Bxc6 Rb8 36. Bxd5+ Kg7 37. Ke2 Kf6 38. f4 h6 39. h4
Rb5 40. Bc4 Ra5 41. f3 Ra2+ 42. Kd3 Rh2 43. Kc3 Rxh4 44. b4 Bxb4+ 45. Kxb4 Rxf4
46. Kb3 Rxf3+ 47. Kb4 Rf4 48. Kb5 Rxc4 49. Kxc4 f4 50. Kd3 Kf5 51. Ke2 Kg4 52.
Kf2 f3 53. Kf1 Kg3 54. Kg1 f2+ 55. Kf1 g5 0-1

[Event "Tradewise Gibraltar AmatWk2"]
[Site "Gibraltar"]
[Date "2017.01.28"]
[Round "1.24"]
[White "Stuart, Brian"]
[Black "Dhanwani, Aryan"]
[Result "1-0"]
[WhiteElo "1715"]
[BlackElo "1072"]
[PlyCount "37"]
[EventDate "2017.01.28"]
[EventType "swiss"]
[EventRounds "5"]
[EventCountry "GGB"]
[SourceTitle "BritBase"]
[Source "www.saund.co.uk"]
[SourceDate "2018.02.10"]
[SourceVersion "1"]
[SourceVersionDate "2018.02.10"]
[SourceQuality "1"]

1. e4 e5 2. Nf3 Nc6 3. Bc4 Bc5 4. b4 Bxb4 5. c3 Bc5 6. d4 exd4 7. O-O dxc3 8.
Bxf7+ Kf8 9. Bxg8 Kxg8 10. Qd5+ Kf8 11. Qxc5+ d6 12. Qxc3 d5 13. Qc5+ Qd6 14.
Qxd5 Qxd5 15. exd5 Ne7 16. Ba3 Kf7 17. Nc3 Rd8 18. Rad1 Bg4 19. Ne5+ 1-0

[Event "Tradewise Gibraltar AmatWk2"]
[Site "Gibraltar"]
[Date "2017.01.28"]
[Round "1.25"]
[White "Jain, Anushree"]
[Black "Robles, Bryan"]
[Result "0-1"]
[WhiteElo "1008"]
[BlackElo "1711"]
[PlyCount "83"]
[EventDate "2017.01.28"]
[EventType "swiss"]
[EventRounds "5"]
[EventCountry "GGB"]
[SourceTitle "BritBase"]
[Source "www.saund.co.uk"]
[SourceDate "2018.02.10"]
[SourceVersion "1"]
[SourceVersionDate "2018.02.10"]
[SourceQuality "1"]

1. e4 e5 2. Nf3 Nc6 3. d3 Nf6 4. Be3 d6 5. g3 Bg4 6. Be2 Be7 7. Nc3 h6 8. Qd2
d5 9. O-O-O Bxf3 10. Bxf3 d4 11. Nd5 dxe3 12. Qxe3 Nd4 13. Bg2 c6 14. Nxe7 Qxe7
15. c3 Ne6 16. d4 exd4 17. cxd4 O-O 18. d5 cxd5 19. exd5 Qc5+ 20. Qxc5 Nxc5 21.
Rd2 Nce4 22. Re2 Rac8+ 23. Kd1 Rfe8 24. f3 Nd6 25. Rhe1 Rxe2 26. Rxe2 Re8 27.
f4 Rxe2 28. Kxe2 Kf8 29. Kd3 Ke7 30. Be4 Nfxe4 31. Kd4 Kd7 32. b4 Nf2 33. a4
Ng4 34. h3 Nf2 35. h4 Nf5+ 36. Kc5 Ne4+ 37. Kc4 Nexg3 38. b5 Nxh4 39. Kc5 Ne4+
40. Kc4 Nf6 41. Kd4 h5 42. a5 0-1

[Event "Tradewise Gibraltar AmatWk2"]
[Site "Gibraltar"]
[Date "2017.01.29"]
[Round "2.1"]
[White "Ford, Clifton P"]
[Black "Robson, Paul E"]
[Result "0-1"]
[WhiteElo "1781"]
[BlackElo "1897"]
[PlyCount "72"]
[EventDate "2017.01.28"]
[EventType "swiss"]
[EventRounds "5"]
[EventCountry "GGB"]
[SourceTitle "BritBase"]
[Source "www.saund.co.uk"]
[SourceDate "2018.02.10"]
[SourceVersion "1"]
[SourceVersionDate "2018.02.10"]
[SourceQuality "1"]

1. d4 Nf6 2. c4 c5 3. d5 b5 4. cxb5 a6 5. Nc3 axb5 6. e4 b4 7. Nb5 d6 8. Bf4 g5
9. Bxg5 Nxe4 10. Bf4 Nf6 11. Bc4 Bg7 12. Qe2 O-O 13. Nf3 Nbd7 14. O-O Nb6 15.
Rfd1 Nxc4 16. Qxc4 Qb6 17. a4 Bd7 18. Nh4 Rxa4 19. Rxa4 Bxb5 20. Qb3 Bxa4 21.
Qxa4 Nh5 22. Bc1 e6 23. dxe6 fxe6 24. Qd7 d5 25. Re1 c4 26. Qxe6+ Qxe6 27. Rxe6
Ra8 28. Nf3 Ra1 29. Re1 d4 30. g4 d3 31. gxh5 Bxb2 32. Bd2 c3 33. Rxa1 Bxa1 34.
Bc1 b3 35. Kf1 b2 36. Bxb2 Bxb2 0-1

[Event "Tradewise Gibraltar AmatWk2"]
[Site "Gibraltar"]
[Date "2017.01.29"]
[Round "2.2"]
[White "Bauer, Dieter"]
[Black "Valladolid Martin, Fco. Jose"]
[Result "0-1"]
[WhiteElo "1772"]
[BlackElo "1897"]
[PlyCount "86"]
[EventDate "2017.01.28"]
[EventType "swiss"]
[EventRounds "5"]
[EventCountry "GGB"]
[SourceTitle "BritBase"]
[Source "www.saund.co.uk"]
[SourceDate "2018.02.10"]
[SourceVersion "1"]
[SourceVersionDate "2018.02.10"]
[SourceQuality "1"]

1. e4 c5 2. Nf3 a6 3. c4 Nc6 4. d4 cxd4 5. Nxd4 Nf6 6. Nc3 e5 7. Nc2 Bc5 8. Be2
d6 9. Ne3 Nd4 10. Ned5 Nxd5 11. cxd5 O-O 12. O-O f5 13. exf5 Nxe2+ 14. Qxe2
Bxf5 15. Ne4 Bxe4 16. Qxe4 Qb6 17. Qe2 Rac8 18. Be3 Bxe3 19. fxe3 Qc5 20. Rxf8+
Rxf8 21. Qd2 Rc8 22. Rd1 Kf7 23. Rf1+ Ke7 24. Rd1 Qc4 25. a3 Qe4 26. Rc1 Rxc1+
27. Qxc1 Qxd5 28. Qc7+ Kf6 29. Qd8+ Kf5 30. Qf8+ Kg6 31. Qe8+ Kh6 32. Qa4 Qd2
33. Qh4+ Kg6 34. Qg4+ Kf6 35. Qf3+ Ke6 36. Qg4+ Kd5 37. Qf3+ Kc5 38. b4+ Kc4
39. Qf1+ Kb3 40. Qb1+ Kxa3 41. Qa1+ Kxb4 42. Qb1+ Kc3 43. Qb5 axb5 0-1

[Event "Tradewise Gibraltar AmatWk2"]
[Site "Gibraltar"]
[Date "2017.01.29"]
[Round "2.3"]
[White "Cernuda Orejas, Victor Manuel"]
[Black "Lopez Diaz, Rafael"]
[Result "0-1"]
[WhiteElo "1892"]
[BlackElo "1779"]
[PlyCount "97"]
[EventDate "2017.01.28"]
[EventType "swiss"]
[EventRounds "5"]
[EventCountry "GGB"]
[SourceTitle "BritBase"]
[Source "www.saund.co.uk"]
[SourceDate "2018.02.10"]
[SourceVersion "1"]
[SourceVersionDate "2018.02.10"]
[SourceQuality "1"]

1. c3 b6 2. d4 e6 3. Nf3 Bb7 4. Bf4 Be7 5. e3 Nf6 6. Nbd2 Nh5 7. Bg3 Nxg3 8.
hxg3 d6 9. Qc2 h6 10. Bd3 Nd7 11. Be4 c6 12. Bd3 Qc7 13. Qd1 O-O-O 14. b4 c5
15. a4 a6 16. Qe2 Nb8 17. a5 b5 18. c4 Nc6 19. cxb5 Nxb4 20. bxa6 Nxd3+ 21.
Qxd3 Bc6 22. Qb3 Kd7 23. Qb6 Rb8 24. Qxc7+ Kxc7 25. O-O Bb5 26. Rfc1 Bxa6 27.
dxc5 dxc5 28. Nc4 Bxc4 29. Rxc4 Rhd8 30. a6 Kb6 31. a7 Ra8 32. Rb1+ Kc7 33. Ra4
Rd6 34. Ne5 Rb6 35. Rc1 Rb7 36. Rd1 Raxa7 37. Rxa7 Rxa7 38. Rd7+ Kb6 39. Rd1
Rc7 40. Rb1+ Ka5 41. Nc4+ Ka4 42. Kf1 Rc8 43. Nb6+ Ka3 44. Nxc8 Bf6 45. Nd6 Ka2
46. Rb7 Be5 47. Nxf7 Bf6 48. Ke2 Bb2 49. Kd3 0-1

[Event "Tradewise Gibraltar AmatWk2"]
[Site "Gibraltar"]
[Date "2017.01.29"]
[Round "2.4"]
[White "White, Gary"]
[Black "Ansari, Athar"]
[Result "0-1"]
[WhiteElo "1716"]
[BlackElo "1887"]
[PlyCount "50"]
[EventDate "2017.01.28"]
[EventType "swiss"]
[EventRounds "5"]
[EventCountry "GGB"]
[SourceTitle "BritBase"]
[Source "www.saund.co.uk"]
[SourceDate "2018.02.10"]
[SourceVersion "1"]
[SourceVersionDate "2018.02.10"]
[SourceQuality "1"]

1. f4 Nf6 2. Nf3 d5 3. e3 c5 4. b3 Bf5 5. Bb2 Nc6 6. Bb5 Qb6 7. c4 O-O-O 8. Nc3
Nb4 9. Na4 Nd3+ 10. Kf1 Qc7 11. Be5 Nxe5 12. Nxe5 e6 13. Qe2 Bd6 14. d4 a6 15.
cxd5 axb5 16. Qxb5 Bxe5 17. Nb6+ Kb8 18. Qa5 Bd3+ 19. Kf2 Ba6 20. fxe5 Nxd5 21.
dxc5 Nxb6 22. cxb6 Qc2+ 23. Kg3 Qg6+ 24. Kf2 Rd5 25. Qc3 Rc8 0-1

[Event "Tradewise Gibraltar AmatWk2"]
[Site "Gibraltar"]
[Date "2017.01.29"]
[Round "2.6"]
[White "Robles, Bryan"]
[Black "Garcia-Blazquez Perez, Manuel"]
[Result "1/2-1/2"]
[WhiteElo "1711"]
[BlackElo "1851"]
[PlyCount "71"]
[EventDate "2017.01.28"]
[EventType "swiss"]
[EventRounds "5"]
[EventCountry "GGB"]
[SourceTitle "BritBase"]
[Source "www.saund.co.uk"]
[SourceDate "2018.02.10"]
[SourceVersion "1"]
[SourceVersionDate "2018.02.10"]
[SourceQuality "1"]

1. d4 f5 2. c4 g6 3. Nc3 Nf6 4. e3 Bg7 5. Bd3 O-O 6. Nge2 d6 7. d5 Nbd7 8. O-O
Nc5 9. Bc2 e5 10. b4 Ncd7 11. Rb1 b6 12. f4 Ba6 13. Bb3 Nh5 14. Bb2 Qe7 15. Qd2
Rae8 16. Rbe1 Qh4 17. Nb5 Bxb5 18. cxb5 Rf7 19. Qc1 exf4 20. Bxg7 Rxg7 21. Nxf4
Nxf4 22. exf4 Rge7 23. Rxe7 Qxe7 24. Qxc7 Qe3+ 25. Kh1 Qxf4 26. Bc4 Qh4 27.
Qxd7 Re4 28. Bd3 Re3 29. Qc8+ Kg7 30. Qc3+ Kg8 31. Qc4 Qe7 32. Qd4 h5 33. h3
Qg5 34. a4 Qg3 35. Rf3 Qe1+ 36. Rf1 1/2-1/2

[Event "Tradewise Gibraltar AmatWk2"]
[Site "Gibraltar"]
[Date "2017.01.29"]
[Round "2.7"]
[White "Rios Gonzalez, Jose Antonio"]
[Black "Ocana, Jeremy"]
[Result "1-0"]
[WhiteElo "1847"]
[BlackElo "1733"]
[PlyCount "63"]
[EventDate "2017.01.28"]
[EventType "swiss"]
[EventRounds "5"]
[EventCountry "GGB"]
[SourceTitle "BritBase"]
[Source "www.saund.co.uk"]
[SourceDate "2018.02.10"]
[SourceVersion "1"]
[SourceVersionDate "2018.02.10"]
[SourceQuality "1"]

1. c4 e5 2. Nc3 g6 3. g3 Bg7 4. Bg2 Ne7 5. e4 O-O 6. Nge2 d6 7. h3 a5 8. d3 Be6
9. O-O Qd7 10. Kh2 f5 11. exf5 Bxf5 12. g4 Be6 13. Bxb7 Nbc6 14. Bxa8 Rxa8 15.
Be3 Rf8 16. f3 Nd4 17. Bxd4 exd4 18. Ne4 h6 19. Qe1 d5 20. cxd5 Nxd5 21. Qxa5
Rb8 22. Qd2 Qb5 23. b3 h5 24. gxh5 Ne3 25. N2g3 Bh6 26. f4 Nxf1+ 27. Rxf1 Rf8
28. hxg6 Kg7 29. Qe2 Bxf4 30. Rxf4 Rh8 31. h4 Qe5 32. Qf3 1-0

[Event "Tradewise Gibraltar AmatWk2"]
[Site "Gibraltar"]
[Date "2017.01.29"]
[Round "2.8"]
[White "Diaz Gallego, Saul"]
[Black "Longdin, Michael"]
[Result "1-0"]
[WhiteElo "1700"]
[BlackElo "1836"]
[PlyCount "87"]
[EventDate "2017.01.28"]
[EventType "swiss"]
[EventRounds "5"]
[EventCountry "GGB"]
[SourceTitle "BritBase"]
[Source "www.saund.co.uk"]
[SourceDate "2018.02.10"]
[SourceVersion "1"]
[SourceVersionDate "2018.02.10"]
[SourceQuality "1"]

1. d4 Nf6 2. c4 g6 3. Nc3 Bg7 4. Nf3 O-O 5. e4 d6 6. Be3 Na6 7. h3 Nd7 8. Qd2
Re8 9. Be2 e5 10. d5 Nac5 11. b4 Na6 12. a3 b6 13. O-O Nf8 14. Rac1 f5 15. Bg5
Qd7 16. c5 Qf7 17. Bb5 Nd7 18. Qd3 Nab8 19. cxd6 cxd6 20. Bc6 f4 21. Bxa8 a6
22. Bc6 h6 23. Bh4 g5 24. Bxg5 hxg5 25. Nxg5 Qg6 26. Ne6 Nxc6 27. dxc6 Qxe6 28.
cxd7 Bxd7 29. Qd5 f3 30. Rfd1 Bf8 31. Rd3 fxg2 32. Kxg2 Kh8 33. Qxe6 Bxe6 34.
Nd5 b5 35. Nc7 Re7 36. Nxe6 Rxe6 37. Rc8 Rg6+ 38. Rg3 Rxg3+ 39. fxg3 Kg7 40.
Ra8 Kf7 41. Rxa6 Ke6 42. Rb6 Be7 43. Rxb5 Kd7 44. Rb7+ 1-0

[Event "Tradewise Gibraltar AmatWk2"]
[Site "Gibraltar"]
[Date "2017.01.29"]
[Round "2.9"]
[White "Lochte, Szilvia"]
[Black "Stuart, Brian"]
[Result "1/2-1/2"]
[WhiteElo "1829"]
[BlackElo "1715"]
[PlyCount "44"]
[EventDate "2017.01.28"]
[EventType "swiss"]
[EventRounds "5"]
[EventCountry "GGB"]
[SourceTitle "BritBase"]
[Source "www.saund.co.uk"]
[SourceDate "2018.02.10"]
[SourceVersion "1"]
[SourceVersionDate "2018.02.10"]
[SourceQuality "1"]

1. d4 Nf6 2. Nf3 g6 3. g3 Bg7 4. Bg2 d5 5. c4 dxc4 6. Qa4+ Nbd7 7. Nc3 O-O 8.
Qxc4 Nb6 9. Qb3 c6 10. O-O Be6 11. Qc2 h6 12. Rd1 Qc8 13. e4 Rd8 14. b3 a6 15.
Ba3 Kf8 16. Ne2 a5 17. Rac1 Re8 18. Nf4 Bg4 19. Qd3 Qd8 20. h3 Bxf3 21. Bxf3
Kg8 22. Bb2 e6 1/2-1/2

[Event "Tradewise Gibraltar AmatWk2"]
[Site "Gibraltar"]
[Date "2017.01.29"]
[Round "2.10"]
[White "James, Kevin"]
[Black "Kuenitz, Klaus"]
[Result "1-0"]
[WhiteElo "1825"]
[BlackElo "1690"]
[PlyCount "43"]
[EventDate "2017.01.28"]
[EventType "swiss"]
[EventRounds "5"]
[EventCountry "GGB"]
[SourceTitle "BritBase"]
[Source "www.saund.co.uk"]
[SourceDate "2018.02.10"]
[SourceVersion "1"]
[SourceVersionDate "2018.02.10"]
[SourceQuality "1"]

1. d4 f5 2. Nc3 d5 3. Bg5 c6 4. e3 Nd7 5. Bd3 Ndf6 6. Nge2 e6 7. O-O Be7 8. f3
Nd7 9. Bxe7 Qxe7 10. e4 fxe4 11. fxe4 dxe4 12. Nxe4 Ngf6 13. N4g3 O-O 14. Qd2
e5 15. Nf5 Qf7 16. Qg5 Kh8 17. Neg3 exd4 18. Rae1 Nd5 19. Nd6 Qg8 20. Rxf8 Nxf8
21. Re8 Nb6 22. Bxh7 1-0